000 00617nam a2200253Ia 4500
001 16465
003 GE_BSU
008 181216s||||||||xx |||||||||||||| ||und||
020 _a978-2011552266
040 _cGE_BSU
080 _a811.133.1+379.85
100 _aCALMY Anne-Marie
245 _aLe Français du tourisme
260 _aParis
260 _bHachette
260 _c2004
300 _a160 pages:ill.;27cm
300 _eLexique multingue
541 _h87gel.
653 _aLe Français du tourisme
653 _aტურიზმი
653 _aფრანგული ენა
942 _cBK
999 _c49536
_d49536